Карта Петергофского рейда (Запись № 12603240)

Подробности
000 -МАРКЕР
контрольное поле 01828nem0a2200277 4500
001 - ИДЕНТИФИКАТОР ЗАПИСИ
контрольное поле RU\NLR\BIBL_A\012608685
005 - ИДЕНТИФИКАТОР ВЕРСИИ
контрольное поле 20260409065827.0
035 ## - ДРУГИЕ СИСТЕМНЫЕ НОМЕРА
Идентификатор записи (NLR Aleph) 012608685
100 ## - ДАННЫЕ ОБЩЕЙ ОБРАБОТКИ
Данные общей обработки 20211001d1886 |||y0rusy50 ca
101 0# - ЯЗЫК РЕСУРСА
Язык текста, звукозаписи и т.д. русский
102 ## - СТРАНА ПУБЛИКАЦИИ ИЛИ ПРОИЗВОДСТВА
Страна публикации Российская Федерация
120 ## - ПОЛЕ КОДИРОВАННЫХ ДАННЫХ: КАРТОГРАФИЧЕСКИЕ МАТЕРИАЛЫ - ОБЩИЕ ХАРАКТЕРИСТИКИ
Кодированные данные о картографическом материале (общие) byy xx||
123 1# - ПОЛЕ КОДИРОВАННЫХ ДАННЫХ: КАРТОГРАФИЧЕСКИЕ МАТЕРИАЛЫ - МАСШТАБ И КООРДИНАТЫ
Тип масштаба а
Постоянное отношение линейного горизонтального масштаба 14700
200 1# - ЗАГЛАВИЕ И СВЕДЕНИЯ ОБ ОТВЕТСТВЕННОСТИ
Основное заглавие Карта Петергофского рейда
Общее обозначение материала Карты
Сведения, относящиеся к заглавию составлена по морским описям 1855, 58, 59 и 1872-4 годов, по промеру 1882-4 гг. и топографическому плану 1867 г.
Первые сведения об ответственности составлял капитан М. Попов
Последующие сведения об ответственности копировали химическою тушью М. Виноградов, П. Анисимов, К. Брейтшпрехер и В. Аковенков
-- корректировал поручик П. Брянцев
-- печатана с камня в Главном Гидрографическом управлении в 1886 году
206 ## - ОБЛАСТЬ СПЕЦИФИЧЕСКИХ СВЕДЕНИЙ: КАРТОГРАФИЧЕСКИЕ МАТЕРИАЛЫ - МАТЕМАТИЧЕСКИЕ ДАННЫЕ
Сведения о математических данных 1:14 700, 175 саж. в 1 дюйме (147 м в 1 см)
210 ## - ПУБЛИКАЦИЯ, РАСПРОСТРАНЕНИЕ И ДР.
Место издания, распространения и т.д. [Санкт-Петербург]
Имя издателя, распространителя и т. д. Главное Гидрографическое управление Морского министерства
Дата издания, распространения и т.д. 1886
215 ## - ФИЗИЧЕСКАЯ ХАРАКТЕРИСТИКА
Специфическое обозначение материала и объем 1 к
Другие сведения о физической характеристике 3 цв., раскраш. маяки
Размеры 59х89 (69х101) см
509 01 - ЗАГОЛОВОК -СТРУКТУРИРОВАННОЕ ГЕОГРАФИЧЕСКОЕ ИЛИ ТЕМАТИЧЕСКОЕ НАИМЕНОВАНИЕ
Графика поля Кириллица
Географическое / тематическое наименование – начальный элемент ввода Петергофский рейд,
Идентифицирующий признак – географическая принадлежность Невская губа, южная часть
-- Финский залив, вост. часть
Системный номер авторитетной/нормативной записи 2638804
Идентификатор авторитетной / нормативной записи RU\NLR\AUTH\5507832
607 ## - ГЕОГРАФИЧЕСКОЕ НАИМЕНОВАНИЕ КАК ПРЕДМЕТ
Географическое наименование Невская губа
Формальный подзаголовок Карты
Системный номер авторитетной/нормативной записи 1673084
Идентификатор авторитетной/нормативной записи RU\NLR\AUTH\66742195
608 ## - ФОРМА, ЖАНР, ФИЗИЧЕСКИЕ ХАРАКТЕРИСТИКИ ДОКУМЕНТА КАК ТОЧКА ДОСТУПА
Начальный элемент ввода Навигационные карты
Системный номер авторитетной/нормативной записи 1710552
Идентификатор авторитетной/нормативной записи RU\NLR\AUTH\66762325
608 ## - ФОРМА, ЖАНР, ФИЗИЧЕСКИЕ ХАРАКТЕРИСТИКИ ДОКУМЕНТА КАК ТОЧКА ДОСТУПА
Начальный элемент ввода Морские карты
Системный номер авторитетной/нормативной записи 1039709
Идентификатор авторитетной/нормативной записи RU\NLR\AUTH\6682249
852 ## - МЕСТОНАХОЖДЕНИЕ И ШИФР ХРАНЕНИЯ
Идентификатор организации NLR
Наименование фонда или коллекции (Sub-Location Identifier) К
Шифр хранения (Call Number) 3-Балт 4/480
Идентификатор единицы 19251
Номер экземпляра 12192, 9939
942 ## - ДОПОЛНИТЕЛЬНЫЕ ЭЛЕМЕНТЫ ЗАПИСИ (АБИС)
Тип экземпляра АБИС Карта
980 ## - КОЛЛЕКЦИЯ
Название коллекции Национальная библиография

Нет доступных экземпляров.